000 02719nam0a2200445 4500
001 RU\NLR\BIBL_A\011573938
005 20260408073342.0
021 _aRU
_b2017-80017
_95708
029 1 0 _aRU
_b10303-1255-2017
_cГОСТ Р ИСО/ТС
035 _a(RuMoRGB)009428476
035 _a(NLR Aleph) 011573938
090 _a10811764
_c10811764
100 _a20171225d2017 k y0rusy50 ca
101 0 _arus
102 _aRU
105 _aa l 000|y
200 1 _aСистемы автоматизации производства и их интеграция
_iПредставление данных об изделии и обмен этими данными
_hч. 1255
_iПрикладной модуль
_iОпределение состояния
_dIndustrial automation systems and integration. Industrial automation systems and integration. Product data representation and exchange. Part 1255. Application module. State definition
_zeng
_eГОСТ Р ИСО/ТС 10303-1255-2017
_fподготовлен Корпоративные электронные системы (ООО "Корпоративные электронные системы")
205 _aИзд. офиц.
210 _aМосква
_cСтандартинформ
_d2017
215 _aIV, 27 c.
_cил.
_d29
225 1 _aНациональный стандарт Российской Федерации
_fФедеральное агентство по техническому регулированию и метрологии
239 _aВвед. 01.07.2019
320 _aБиблиогр.: с. 26 (2 назв.)
510 1 _aIndustrial automation systems and integration
_zeng
510 1 _aProduct data representation and exchange
_zeng
510 1 _aApplication module
_zeng
510 1 _aState definition
_zeng
517 1 _aГОСТ Р ИСО/ТС 10303-1255-2017
606 1 _aПромышленные предприятия
_jСтандарты
_xУправление
_xИнформационные системы
_92461612
_3RU\NLR\AUTH\661462627
675 _a656.072:681.3:006.354
686 _a25.040.40
_v2000
_2ОКС
686 _a4002
_2ОКСТУ
686 1 _aУ30(2)-210.302я86
712 0 2 _4900
_a"Корпоративные электронные системы", общество с ограниченной ответственностью
_cМосква
_9533887
_3RU\NLR\AUTH\880434754
712 0 1 _4725
_aРоссийская Федерация
_bФедеральное агентство по техническому регулированию и метрологии
_9630205
_3RU\NLR\AUTH\8810064304
942 _cBOOK
980 _aNBR